| 000 | 00768nam2a2200241 4500 | ||
|---|---|---|---|
| 001 | rc\2907781 | ||
| 005 | 20110804153603.1 | ||
| 035 | _a(NLR Aleph) 007058695 | ||
| 090 |
_a13592656 _c13592656 |
||
| 100 | _a20110804d1940 |||y0rusy50 ca | ||
| 101 | 0 | _arus | |
| 102 | _aRU | ||
| 105 | _aa z ||||| | ||
| 200 | 0 |
_aТ. 2 _fСост. Ф.И. Лосев |
|
| 210 | _d1940 | ||
| 215 |
_a424 с. _cсхем. |
||
| 461 | 0 |
_1001rc\2907780 _12000#$aГосударственная племенная книга свиней Куйбышевской области$fКуйбышев. обл. земел. отд.$vТ. 2 |
|
| 702 | 1 |
_aЛосев _bФ. И. _4220 |
|
| 801 | 0 |
_aRU _bNLR _gpsbo |
|
| 801 | 1 |
_aRU _bELAR _2rusmarc |
|
| 852 |
_aNLR _j38-17/366(2) |
||
| 942 | _cBOOK | ||
| 980 | _aNB | ||